| 000 | 00883nmc a2200313 a 4500 | ||
|---|---|---|---|
| 003 | AR-BaBNM | ||
| 005 | 20251128210915.0 | ||
| 008 | 041020s1985 ||||||||||||||000 | spa|| | ||
| 020 | _a950-03-0022-2 | ||
| 040 | _cAR-BaBNM | ||
| 100 | 1 | _aPayró, Roberto J. | |
| 245 | 1 | 0 |
_aPago Chico _bNuevos cuentos de Pago Chico |
| 250 | _a18ª ed. | ||
| 260 |
_aBuenos Aires _bLosada _c1985 |
||
| 300 | _a240 p. | ||
| 490 | 0 |
_aBiblioteca clásica y contemporánea _vv. 36 |
|
| 500 | _aContiene referencias bibliográficas y vocabulario | ||
| 650 | 4 | _aLITERATURA ARGENTINA | |
| 650 | 4 | _aLITERATURA CONTEMPORANEA | |
| 653 | _aGAUCHOS | ||
| 653 | _aMEMORIAS | ||
| 653 | _aLITERATURA GAUCHESCA | ||
| 653 | _aNARRATIVA | ||
| 655 | _aLITERATURA | ||
| 700 | 1 |
_aAra, Guillermo _eprologuista |
|
| 700 | 1 |
_aCisca de Viale, M. Cristina _ecolaborador |
|
| 942 | _cBK | ||
| 998 | _cMARTIN | ||
| 999 |
_c17404 _d17404 |
||